000 00350nam a22001457a 4500
005 20250917151821.0
008 250917b |||||||| |||| 00| 0 eng d
050 _aPA3000
_bSHA
100 _aSHAKESPEARE WILLIAM
245 _aCOMEDIES
250 _bVOL 2
260 _aLONDON
_bEVERYMAN PUBLISHERS
_cc1996
300 _accv, 756p
942 _2lcc
_cBK
_n0
999 _c7580
_d7580